| 000 | 00981nam a22002777i 4500 | ||
|---|---|---|---|
| 003 | EG-GICUC | ||
| 005 | 20260121101551.0 | ||
| 008 | 251230s1987 ua ||||fr|||| 000 0 fre d | ||
| 040 |
_aEG-GiCUC _bfre _cEG-GiCUC _dEG-GiCUC _eRda |
||
| 041 | _afre | ||
| 082 | 0 | 4 |
_221 _a341.280569 _bMI . C |
| 092 | 0 | 4 | _221 |
| 099 | _aLaw1 11 341.280569 MI . C 1977 | ||
| 110 | 2 |
_aService De L'etat Pour L'information _bMinistere De L'information |
|
| 245 | 1 | 3 |
_aLa Cause Palestinienne / _cMinistère De L'information, Service De L'état Pour L'information. |
| 264 | 1 |
_aLe Caire : _bLe Service, _c1977. |
|
| 300 |
_a58 pages ; _c24 cm. |
||
| 336 |
_2rda contenu _a texte |
||
| 337 |
_2rda medias _aOrdinateur |
||
| 338 |
_2 transporteur rda _a Ressource en ligne |
||
| 546 | _aTexte en français | ||
| 650 | 1 | 4 |
_aTerritoires non autonomes _xDroit international public _zLa Palestine |
| 856 | 4 | 0 | _uhttps://fll.law.cu.edu.eg/fulltext/bks/B11-06685.pdf |
| 905 | _a75 | ||
| 942 |
_2ddc _cBK _e21 _n0 |
||
| 999 |
_c53228 _d53228 |
||